Octopath Traveler - Personnages - Statistiques

Statistiques générales
  • Ce quiz a été pris 43 fois
  • Le résultat moyen est 12 sur 16
Statistiques - réponses
Initiale Octopath Traveler % Correct
P Primrose Azelhart
88%
T Therion
85%
C Cyrus Albright
82%
H H'aanit
82%
O Olberic Eisenberg
82%
A Alfyn Greengrass
79%
H Hikari Koù
79%
O Ochette
79%
T Tressa Colzione
79%
O Ophilia Clement
76%
A Agnéa Bristarni
73%
P Partitio Yellowil
73%
T Temenos Mistral
73%
T Throné Anguis
73%
O Osvald V. Vanstein
70%
C Castti Florenz
67%
Aucun quiz correspondant
Distribution des résultats
% des personnes avec chaque résultat
Percentile par nombre de réponses
Votre historique - résultats
Vous n’avez pas pris ce quiz